| 000 -LEADER |
| fixed length control field |
01132nam a22001577a 4500 |
| 008 - FIXED-LENGTH DATA ELEMENTS--GENERAL INFORMATION |
| fixed length control field |
210209b ||||| |||| 00| 0 eng d |
| 100 ## - MAIN ENTRY--PERSONAL NAME |
| Personal name |
COVID-19- Consumer Law Research Group |
| 245 ## - TITLE STATEMENT |
| Title |
Consumer law and policy relating to change of circumstances due to the COVID-19 pandemic |
| 260 ## - PUBLICATION, DISTRIBUTION, ETC. (IMPRINT) |
| Place of publication, distribution, etc |
Journal of Consumer Policy |
| 300 ## - PHYSICAL DESCRIPTION |
| Extent |
43(3). Sep, 2020: p.437-450 |
| 520 ## - SUMMARY, ETC. |
| Summary, etc |
An unprecedented number of consumer problems has been caused by the COVID-19 pandemic, not least with regard to refunds of prepayments and the ability of consumers to keep up their monthly payments under loan and rental agreements. Based on a notion of societal force majeure sketched in this paper, we propose guiding principles in respect of the introduction of moratoria on recurring payments, the use of refunds or vouchers in respect of prepayments, and associated enforcement challenges. This analysis draws on experiences around the globe. – Reproduced |
| 650 ## - SUBJECT ADDED ENTRY--TOPICAL TERM |
| Topical term or geographic name as entry element |
Consumer law, COVID-19, Moratoria, Refunds, Guiding principles |
| 9 (RLIN) |
22014 |
| 773 ## - HOST ITEM ENTRY |
| Main entry heading |
Journal of Consumer Policy |
| 906 ## - LOCAL DATA ELEMENT F, LDF (RLIN) |
| Subject DIP |
CONSUMPTION (ECONOMICS) |
| 942 ## - ADDED ENTRY ELEMENTS (KOHA) |
| Item type |
Articles |